Jeux Olympiques 1960 - Pays participants - Statistiques

Statistiques générales
  • Ce quiz a été pris 15 fois
  • Le résultat moyen est 90 sur 116
Réponses sur la Carte
Les réponses sont colorées sur une échelle allant du rouge au vert en fonction du pourcentage des utilisateurs qui les ont devinées à leur premier essai. Vous pouvez retrouver ces pourcentages ci-dessous.
 
Statistiques - réponses
Nombre d'athlètes Pays % Correct
294 Allemagne
100%
92 Argentine
100%
71 Brésil
100%
85 Canada
100%
292 Etats-Unis
100%
189 Australie
93%
09 Chili
93%
16 Colombie
93%
144 Espagne
93%
238 France
93%
49 Irlande
93%
280 Italie
93%
162 Japon
93%
47 Maroc
93%
69 Mexique
93%
110 Pays-Bas
93%
31 Pérou
93%
65 Portugal
93%
253 Royaume-Uni
93%
134 Suède
93%
149 Suisse
93%
55 Afrique du Sud
87%
103 Autriche
87%
101 Belgique
87%
35 Corée du Sud
87%
100 Danemark
87%
117 Finlande
87%
48 Grèce
87%
45 Inde
87%
09 Islande
87%
40 Norvège
87%
74 République arabe unie
87%
49 Turquie
87%
283 URSS
87%
34 Uruguay
87%
12 Cuba
80%
22 Indonésie
80%
98 Roumanie
80%
42 Tunisie
80%
36 Venezuela
80%
03 Vietnam
80%
10 Ethiopie
73%
01 Haïti
73%
180 Hongrie
73%
13 Indes occidentales
73%
21 Irak
73%
23 Iran
73%
52 Luxembourg
73%
09 Malaisie
73%
37 Nouvelle-Zélande
73%
44 Pakistan
73%
40 Philippines
73%
185 Pologne
73%
116 Tchécoslovaquie
73%
20 Thaïlande
73%
116 Yougoslavie
73%
12 Afghanistan
67%
98 Bulgarie
67%
05 Ceylan
67%
05 Guyana
67%
23 Israël
67%
27 Kenya
67%
10 Malte
67%
12 Nigeria
67%
06 Panama
67%
10 Soudan
67%
01 Suriname
67%
10 Birmanie
60%
05 Liechtenstein
60%
11 Monaco
60%
14 Rhodésie
60%
27 Taïwan
60%
13 Bahamas
53%
02 Fidji
53%
13 Ghana
53%
19 Liban
53%
09 Saint-Marin
53%
05 Singapour
53%
10 Ouganda
47%
04 Liberia
40%
Aucun quiz correspondant
Distribution des résultats
% des personnes avec chaque résultat
Percentile par nombre de réponses
Votre historique - résultats
Vous n’avez pas pris ce quiz